10 największych miast w Małopolsce - Statystyki

Ogólne statystyki
  • Ten quiz został rozwiązany 137 razy
  • Średni wynik to 4 z 10
Statystyki odpowiedzi
Liczba ludności Miasta % Poprawnych
760 000 Kraków
100%
110 000 Tarnów
82%
200 000 Kielce
43%
230 000 Częstochowa
41%
340 000 Lublin
39%
210 000 Radom
36%
210 000 Sosnowiec
36%
170 000 Bielsko-Biała
26%
120 000 Dąbrowa Górnicza
24%
90 000 Jaworzno
17%
Nie znaleziono quizów pasujących do podanych kryteriów
Rozkład punktacji
Procent ludzi z każdym wynikiem
Percentyl według liczby udzielonych odpowiedzi
Twoja historia wyników
Nie rozwiązałeś tego quizu